000
00255nam a2200109Ia 4500
008
200302s9999 xx 000 0 und d
100
_a
Robyn Karney
245
_a
Tiles for a Beautiful Home
260
_b
Merehurst Press
260
_c
1989
300
_a
159 P.,
999
_c
2378
_d
2378